000
00292nam a2200121Ia 4500
008
190216s9999||||xx |||||||||||||| ||und||
100
_a
Kulshrestha M K
245
0
_a
Theory And Practice Of Management Accounting
260
_b
Null
_c
1986
300
_a
739p
650
_a
Commerce
942
_c
BK
999
_c
5237
_d
5237